5HLuxD.jpg

KING HENRY VIII SENIOR AND PRIMARY SCHOOL LIBRARY OPAC

Cambridge IGCSE™ and O Level Geography Coursebook / (Record no. 2693)

000 -LEADER
fixed length control field 00584nam a22002057a 4500
003 - CONTROL NUMBER IDENTIFIER
control field OSt
005 - DATE AND TIME OF LATEST TRANSACTION
control field 20231212101902.0
008 - FIXED-LENGTH DATA ELEMENTS--GENERAL INFORMATION
fixed length control field 230810b ||||| |||| 00| 0 eng d
020 ## - INTERNATIONAL STANDARD BOOK NUMBER
International Standard Book Number 9781108339186
040 ## - CATALOGING SOURCE
Transcribing agency KH8
082 ## - DEWEY DECIMAL CLASSIFICATION NUMBER
Classification number 910 CAM
100 ## - MAIN ENTRY--PERSONAL NAME
Personal name Cambers, Gary,
Relator term author.
245 ## - TITLE STATEMENT
Title Cambridge IGCSE™ and O Level Geography Coursebook /
Statement of responsibility, etc. Gary Cambers.
250 ## - EDITION STATEMENT
Edition statement 2nd edition
260 ## - PUBLICATION, DISTRIBUTION, ETC.
Place of publication, distribution, etc. London:
Name of publisher, distributor, etc. Cambridge University Press,
Date of publication, distribution, etc. 2018.
300 ## - PHYSICAL DESCRIPTION
Extent 304 pages;
Dimensions 8.49 x 0.64 x 10.87 inches.
650 ## - SUBJECT ADDED ENTRY--TOPICAL TERM
Topical term or geographic name entry element Geography
700 ## - ADDED ENTRY--PERSONAL NAME
Personal name Sibley, Steve,
Relator term author.
942 ## - ADDED ENTRY ELEMENTS (KOHA)
Source of classification or shelving scheme
Koha item type Teaching Resources
Holdings
Withdrawn status Lost status Source of classification or shelving scheme Damaged status Not for loan Collection code Permanent Location Current Location Shelving location Date acquired Full call number Barcode Date last seen Price effective from Koha item type Copy number
          Teaching Resources KH8 Senior School Library KH8 Senior School Library Staff Office 2023-08-10 910 CAM TRKHSL001687 2024-07-24 2023-08-10 Teaching Resources  
          Teaching Resources KH8 Senior School Library KH8 Senior School Library Staff Office 2023-08-10 910 CAM TRKHSL001688 2023-08-10 2023-08-10 Teaching Resources  
          Teaching Resources KH8 Senior School Library KH8 Senior School Library Staff Office 2023-08-10 910 CAM TRKHSL001689 2023-08-10 2023-08-10 Teaching Resources  
          Teaching Resources KH8 Senior School Library KH8 Senior School Library Staff Office 2023-08-10 910 CAM TRKHSL001690 2023-08-10 2023-08-10 Teaching Resources  
          Teaching Resources KH8 Senior School Library KH8 Senior School Library Staff Office 2023-08-10 910 CAM TRKHSL001692 2023-08-10 2023-08-10 Teaching Resources  
          Teaching Resources KH8 Senior School Library KH8 Senior School Library Staff Office 2023-08-10 910 CAM TRKHSL001693 2023-08-10 2023-08-10 Teaching Resources  
          Teaching Resources KH8 Senior School Library KH8 Senior School Library Staff Office 2023-08-10 910 CAM TRKHSL001694 2023-08-10 2023-08-10 Teaching Resources  
          Teaching Resources KH8 Senior School Library KH8 Senior School Library Staff Office 2023-08-10 910 CAM TRKHSL001696 2023-08-10 2023-08-10 Teaching Resources  
          Teaching Resources KH8 Senior School Library KH8 Senior School Library Staff Office 2023-08-10 910 CAM TRKHSL001697 2023-08-10 2023-08-10 Teaching Resources  
          Teaching Resources KH8 Senior School Library KH8 Senior School Library Staff Office 2024-11-01 910 CAM TRKHSL002443CD 2024-11-01 2024-11-01 Multimedia Resources CD-ROM
          Teaching Resources KH8 Senior School Library KH8 Senior School Library Staff Office 2025-02-26 910 CAM TRKHSL001691 2025-02-26 2025-02-26 Teaching Resources  
          Teaching Resources KH8 Senior School Library KH8 Senior School Library Staff Office 2025-02-26 910 CAM TRKHSL002443 2025-02-26 2025-02-26 Teaching Resources  
          Teaching Resources KH8 Senior School Library KH8 Senior School Library Staff Office 2025-06-10 910 CAM TRKHSL006306 2025-06-10 2025-06-10 Teaching Resources  
          Teaching Resources KH8 Senior School Library KH8 Senior School Library Staff Office 2025-10-06 910 CAM TRKHSL006749 2025-10-06 2025-10-06 Teaching Resources  

Powered By KH8 IT Dept